Virtus Romana : Politics and Morality in the Roman Historians /
Guardado en:
| Autor Principal: | |
|---|---|
| Formato: | Libro |
| Idioma: | English |
| Publicado: |
North Caroline :
The University of North Caroline Press,
2017.
|
| Materias: | |
| Etiquetas: |
Agregar Etiqueta
Sin Etiquetas, Sea el primero en etiquetar este registro!
|
| LEADER | 00609nam a22001815a 4500 | ||
|---|---|---|---|
| 001 | EHU.bham050558 | ||
| 008 | 220419s2017####xxu###########000#0#eng#d | ||
| 005 | 20220419113935.0 | ||
| 245 | 1 | 0 | |a Virtus Romana : |b Politics and Morality in the Roman Historians / |c Catalina Balmaceda. |
| 260 | |a North Caroline : |b The University of North Caroline Press, |c 2017. | ||
| 300 | |a 297 p. | ||
| 020 | |a 978 1 469 635125 | ||
| 100 | 1 | |a Balmaceda, Carolina. | |
| 082 | 8 | 9 | |a 937 B215 |
| 653 | |a Cultura latina | ||
| 653 | |a Roma-historia de | ||
| 653 | |a Historiografía romana | ||
| 859 | |a AR-BHAM |b BIB. HUMANIDADES - General |h 937 |i B215 |p 61.22 | ||
